Numerical mathematics and computing / (رقم التسجيلة. 854)

تفاصيل مارك
000 -الفاتح
حقل البيانات ثابتة الطول 00999cam a2200277 a 4500
001 - رقم الضبط
رقم الضبط 3090716
003 - محدد رقم الضبط
رقم الضبط OSt
005 - وقت وتاريخ اخر تعامل مع التسجيلة
رقم الضبط 20150408113723.0
008 - عناصر البيانات ثابتة الطول - معلومات عامة
حقل البيانات ثابتة الطول 981023s1999 caua b 001 0 eng
010 ## - رقم ضبط مكتبة الكونجرس
رقم ضبط مكتبة الكونجرس 98049447
020 ## - الرقم الدولى المعيارى للكتب
الرقم الدولى المعيارى للكتاب 0534351840 (alk. paper)
040 ## - مصدر الفهرسة
وكالة الفهرسة الأصلية DLC
وكالة النسخ DLC
وكالة التعديل DLC
050 00 - رقم طلب مكتبة الكونجرس
رقم التصنيف QA297
رقم المادة .C426 1999
082 00 - رقم تصنيف ديوى العشرى
رقم التصنيف 519.4028551
رقم الطبعة 21
100 1# - المدخل الرئيسى - إسم شخصى
الإسم الشخصى Cheney, E. W.
الشكل الأكمل للاسم (Elliott Ward),
التواريخ المصاحبة للاسم 1929-
9 (RLIN) 5072
245 10 - بيان العنوان
العنوان Numerical mathematics and computing /
بيان المسئوليه,etc Ward Cheney, David Kincaid.
250 ## - بيان الطبعة
بيان الطبعة 4th ed.
260 ## - PUBLICATION, DISTRIBUTION, ETC. (IMPRINT)
مكان الناشر او الموزع Pacific Grove, CA :
اسم الناشر او الموزع Brooks/Cole Pub. Co.,
تاريخ النشر أو التوزيع c1999.
300 ## - الوصف المادى
التعداد xv, 671 p. :
تفاصيل ماديه اخرى للوعاء ill. (some col.) ;
أبعاد الوعاء 24 cm.
500 ## - تبصرة عامة
تبصرة عامة "Gary W. Ostedt book"--T.p. verso.
504 ## - تبصرة ببليوجرافية
تبصرة ببليوجرافية,الخ Includes bibliographical references (p. 653-660) and index.
650 #0 - المدخل الاضافى بالموضوع-مصطلح موضوعى
مصطلح موضوعي أو اسم جغرافي كعنصر مدخل Numerical analysis
التقسيم الفرعي العام Data processing.
9 (RLIN) 4567
700 1# - المدخل الاضافى - اسم شخصى
الإسم الشخصى Kincaid, David
الشكل الأكمل للاسم (David Ronald)
9 (RLIN) 5073
942 ## - عناصر المدخل الإضافي( كوها)
مصدر التصنيف او مخطط الترفيف Dewey Decimal Classification
Koha [default] item type كتاب
المقتنيات
حالة الفقد نموذج السعر الفعال حالة تلف ليس للاعارة رقم الطلب تاريخ الاكتساب الموقع الحالي الباركود الفرع الرئيسي Date last seen نوع المادة فى نظام كوها مصدر التصنيف او خطة الترفيف Total Checkouts
  2013-03-10     519.4028551 C E N 2011-09-29 مكتبة كلية التمريض - طلاب (CNM) 00047994 مكتبة كلية التمريض - طلاب (CNM) 2013-03-10 كتاب Dewey Decimal Classification